000 00592nam a2200217Ia 4500
003 OSt
005 20220918105418.0
006 a|||||r|||| 00| 0
007 ta
008 220915b |||||||| |||| 00| 0 eng d
024 _a92,468
037 _cReference Collections
040 _aARTS
_cARTS
_beng
041 _2eng
_aeng
082 _aO111972k, M3(RR)
100 _aToye William Ed.
_91236
245 0 _aOxford companion to canadian literature
260 _c1983
942 _hO111972k, M3(RR)
_cREF
999 _c106907
_d106907